Najkrajší objekt na Trati mládeže - most cez Hron, bude už skoro hotový

Zobrazenie: V bielom orámovaní pohľad na rozostavaný most nad riekou Hron. V pozadí vpravo je zarastený kopec

Bibliographic Details
Format: Postcard
Language:Slovak
English
French
Russian
PhysicalDescription:1 pohľadnica čiernobiela 14 x 9 cm
Published: [Martin] [Neografia] [medzi 1948 a 1949?]
Subjects:

MARC

LEADER 00000nkm a2200000 a 4500
001 vtls012016826
003 SK-MaSNL
005 20260512125140.0
007 kp bo
008 231121q1948 xo g kuslo
015 |a SNBG 
035 |a urn:nbn:sk:snk-km00faer 
035 |a urn:nbn:sk:snk-km45spv 
035 |a 5BB2E8E1-9DB2-4C51-8B39-EDB2F2B60963 
040 |a SNK  |b slo  |c SNK  |e AACR2 
041 0 |a slo  |a eng  |a fre  |a rus 
043 |a e-xo--- 
044 |a xo  |c SK 
072 7 |a 908(437)  |x Vlastiveda Česka a Slovenska  |2 konspekt 
080 |a 725.95  |2 2011 
080 |a (084.121)  |2 2011 
080 |a 908(437.6)  |2 2011 
080 |a 556.53(282.243)  |2 2011 
245 0 0 |a Najkrajší objekt na Trati mládeže - most cez Hron, bude už skoro hotový  |h grafika 
246 3 1 |a Samyj krasivyj objekt Železnoj dorogi molodeži - most čerez reku Gron - budet v skorom vremeni okončen 
246 3 1 |a Le plus bel objectif de la Voie ferrée de la jeunesse est le pont sur le Hron qui bientôt sera achevé 
246 3 1 |a The most beautiful object of the Youth-railway - the bridge over the Hron will be soon ready 
260 |a [Martin]  |b [Neografia]  |c [medzi 1948 a 1949?] 
300 |a 1 pohľadnica  |b čiernobiela  |c 14 x 9 cm 
520 8 |a Zobrazenie: V bielom orámovaní pohľad na rozostavaný most nad riekou Hron. V pozadí vpravo je zarastený kopec 
546 |a Súbežný názov v angličtine, francúzštine a ruštine 
650 0 7 |a mosty  |2 SNKPH  |9 3015 
650 0 7 |a rieky  |2 SNKPH  |9 29644 
651 7 |a Hron (Slovensko : rieka)  |2 SNKPHgeo  |9 175618 
651 7 |a Hronská Dúbrava - Banská Štiavnica (Slovensko : železničná trať)  |2 SNKPHgeo  |9 186337 
655 7 |a geografické pohľadnice  |2 SNKPH  |9 70522 
852 |a Slovenská národná knižnica 
958 |a GBN 
958 |a GC 
958 |a OND 
958 |a EUIPO 
999 |c 1018570  |d 1020500 
952 |a SNK  |b SNK  |y PREZ  |7 0  |p 17A1409263  |o snkSP 72610  |0 0  |1 0  |4 0  |d 2021-03-05  |f 1  |l 0  |r 2026-02-24 13:16:05  |w 2026-02-24